A laboratory course in Java / (Record no. 3054)
[ view plain ]
| 000 -LEADER | |
|---|---|
| fixed length control field | 00764cac a22002415a 4500 |
| 006 - FIXED-LENGTH DATA ELEMENTS--ADDITIONAL MATERIAL CHARACTERISTICS--GENERAL INFORMATION | |
| fixed length control field | a||||fr|||| 00| 0 |
| 008 - FIXED-LENGTH DATA ELEMENTS--GENERAL INFORMATION | |
| fixed length control field | 150816t2001 ad||f |||| 001 0 eng d |
| 010 ## - LIBRARY OF CONGRESS CONTROL NUMBER | |
| LC control number | 00050650 |
| 020 ## - INTERNATIONAL STANDARD BOOK NUMBER | |
| International Standard Book Number | 0763715018 |
| 020 ## - INTERNATIONAL STANDARD BOOK NUMBER | |
| International Standard Book Number | 9780763715014 |
| 040 ## - CATALOGING SOURCE | |
| Original cataloging agency | EG-ScBUE |
| Language of cataloging | eng |
| Transcribing agency | EG-ScBUE |
| 082 04 - DEWEY DECIMAL CLASSIFICATION NUMBER | |
| Classification number | 005.133 |
| Item number | DAL |
| Edition number | 22 |
| 100 1# - MAIN ENTRY--PERSONAL NAME | |
| Personal name | Dale, Nell B. |
| 245 12 - TITLE STATEMENT | |
| Title | A laboratory course in Java / |
| Statement of responsibility, etc | Nell Dale. |
| 260 ## - PUBLICATION, DISTRIBUTION, ETC. (IMPRINT) | |
| Place of publication, distribution, etc | Boston : |
| Name of publisher, distributor, etc | Jones and Bartlett Publishers, |
| Date of publication, distribution, etc | c 2001. |
| 300 ## - PHYSICAL DESCRIPTION | |
| Extent | xi, 315 p. ; |
| Dimensions | 28 cm. |
| Accompanying material | + 1 computer laser optical disc (4 3/4 in.) |
| 504 ## - BIBLIOGRAPHY, ETC. NOTE | |
| Bibliography, etc | Glossary 304-315. |
| 650 #0 - SUBJECT ADDED ENTRY--TOPICAL TERM | |
| Topical term or geographic name as entry element | Java (Computer program language) |
| Source of heading or term | BUEsh |
| 651 ## - SUBJECT ADDED ENTRY--GEOGRAPHIC NAME | |
| Source of heading or term | BUEsh |
| 653 ## - INDEX TERM--UNCONTROLLED | |
| Resource For college | Informatics and Computer Science |
| Arrived date list | August2015 |
| 655 ## - INDEX TERM--GENRE/FORM | |
| Form subdivision | |
| -- | 33728 |
| 942 ## - ADDED ENTRY ELEMENTS (KOHA) | |
| Item type | |
| Call number prefix | 005.133D152 |
| Source of classification or shelving scheme | Dewey Decimal Classification |
| Withdrawn status | Item status | Damaged status | Not for loan | Home library | Current library | Shelving location | Date acquired | Source of acquisition | Total Checkouts | Full call number | Barcode | Date last seen | Koha item type | Date last borrowed | Source of classification or shelving scheme | Vendor |
|---|---|---|---|---|---|---|---|---|---|---|---|---|---|---|---|---|
| Central Library | Central Library | Lower Floor | 18/03/2007 | Purchase | 4 | 005.133 DAL | 000001062 | 15/07/2025 | Book - Borrowing | |||||||
| Central Library | Central Library | Lower Floor | 18/03/2007 | Purchase | 2 | 005.133 DAL | 000001061 | 15/07/2025 | Book - Borrowing | 05/10/2009 | ||||||
| Central Library | Central Library | Lower Floor | 18/03/2007 | Purchase | 1 | 005.133 DAL | 000006108 | 15/07/2025 | Book - Borrowing | |||||||
| Central Library | Central Library | Lower Floor | 06/07/2011 | 005.133 DAL | 000001060 | 15/07/2025 | NB - Book (Non borrowing) | Dewey Decimal Classification | ||||||||
| Central Library | Central Library | Lower Floor | 06/07/2011 | 005.133 DAL | 000012258 | 24/08/2022 | CD | DVD - With book (NB) | Dewey Decimal Classification | ||||||||
| Central Library | Central Library | Lower Floor | 06/07/2011 | 005.133 DAL | 000009794 | 24/08/2022 | CD | DVD - With book | Dewey Decimal Classification | ||||||||
| Central Library | Central Library | Lower Floor | 06/07/2011 | 005.133 DAL | 000009781 | 24/08/2022 | CD | DVD - With book | Dewey Decimal Classification |